| 000 | 01151nam a22003377a 4500 | ||
|---|---|---|---|
| 003 | EG-ScBUE | ||
| 005 | 20220228104409.0 | ||
| 008 | 110530s2006 ua f 000 ffeeng d | ||
| 020 | _a9774249682 | ||
| 020 | _a9789774249686 | ||
| 040 |
_aEG-ScBUE _beng _erda _cEG-ScBUE _dEG-ScBUE |
||
| 041 | 1 |
_aeng _hara |
|
| 043 | _af-ua--- | ||
| 082 | 0 | 4 |
_222 _a892.736 _bTAH |
| 100 | 1 |
_924465 _aTahawi, Miral, _eauthor. |
|
| 240 | 1 | 0 |
_aباذنجانة الزرقاء. _lEnglish |
| 245 |
_aBlue aubergine / _cMiral al-Tahawy ; translated by Anthony Calderbank. |
||
| 264 | 1 |
_aCairo : _bThe American University in Cairo Press, _c2006. |
|
| 300 |
_a123 pages ; _c20 cm. |
||
| 336 |
_2rdacontent _atext _btxt |
||
| 337 |
_2rdamedia _aunmediated _bn |
||
| 338 |
_2rdacarrier _avolume _bnc |
||
| 490 | 0 | _aModern Arabic literature | |
| 546 | _aText in English ; translated from the original Arabic. | ||
| 650 | 7 |
_97001 _aWomen _zEgypt _vFiction. _2BUEsh |
|
| 651 | 7 |
_924470 _aEgypt _xHistory _y20th century _vFiction. _2BUEsh |
|
| 653 |
_cMay2011 _bARALIT |
||
| 655 |
_vReading book _934232 |
||
| 700 | 1 |
_924469 _aCalderbank, Anthony, _etranslator. |
|
| 942 |
_2ddc _cBB |
||
| 999 |
_c15476 _d15476 |
||